000 00805nam a2200217Ia 4500
001 17181
003 GE_BSU
008 181216s||||||||xx |||||||||||||| ||und||
040 _cGE_BSU
080 _a821.161.1-11
100 _aპუშკინი, ა.ს.
245 _aოთხი პოემა
245 _cთარგმ. კონსტანტინე ჭიჭინაძისა. რედ. თ. სულიაშვილი
260 _aთბილისი
260 _bსახელგამი
260 _c1956
300 _a124გვ. ; 24სმ.
653 _aკავკასიის ტყვე; ბაღჩისარაის შადრევანი; ბოშები; პოლტავა
653 _aოთხი პოემა
942 _cBK
999 _c50243
_d50243